Gaming Quiz

Random Gaming Quiz
Score 0/14 Timer 01:00
0 Plays Today
Elements Dragons % Correct
RainbowRainbow
100%
Rainbow and SunLightmatter
100%
Rainbow and Moon Darkmatter
100%
RainbowDouble Rainbow
92.9%
RainbowLeap Year
92.9%
RainbowDouble Leap Year
85.7%
RainbowPrism
78.6%
Elements Dragons % Correct
RainbowTriple Leap Year
75%
RainbowAurora
71.4%
RainbowParty
71.4%
RainbowCeltic
71.4%
Rainbow and RiftChromacorn
64.3%
Rainbow and RiftCorrupticorn
57.1%
Rainbow and RiftSpectrapod
50%
Come Together.
Have Fun.
All Virtual.
We all need to come together. Play Sporcle's virtual live trivia to have fun, connect with people, and get your trivia on. Join a live hosted trivia game for your favorite pub trivia experience done virtually. If a virtual private party is more your thing, go here for details.

You're not logged in!

Compare scores with friends on all Sporcle quizzes.
OR
Log In

Sporcle TV

Today on Sporcle TV


Watch our educational content, quiz creation guides, and fun videos on Sporcle TV.

Show Comments

Extras

Created Feb 13, 2020ReportNominate
Tags:Dragon, Rainbow

Top Quizzes Today


Score Distribution

Paid Content

Your Account Isn't Verified!

In order to create a playlist on Sporcle, you need to verify the email address you used during registration. Go to your Sporcle Settings to finish the process.

Report this User

Report this user for behavior that violates our Community Guidelines.

Details: